000 00536nam a22002057a 4500
003 OSt
005 20160513133754.0
008 160513b xxu||||| |||| 00| 0 eng d
020 _a0195049004
040 _cDDC.
082 _a592MEG 1991.
100 _aMeglitsch,Paul.A;Schram ,P.Frederick;
_98747
245 _aInvertebrates Zoology.
250 _a3rd ed.
260 _a New York.
_bOxford University Press.
_c1991.
300 _a623p;
_bill;
_c27cm.
504 _aincludes index.
650 _abiology.
_95602
942 _2ddc
_cSLOAN
999 _c4007
_d4007